01152 a2200229 4500003000500000005001700005010001600022020001500038020003400053040000900087082001700096100002100113245009300134260003700227300006300264440005000327440005000377505038100427650005800808650003400866700002200900NUST20230725110517.0 a 89012671 a0070386870 a0070386889 (solutions manual) cNust00a621.3815,LON1 aLong, Stephen I.10aGallium arsenide digital integrated circuit design /cStephen I. Long, Steven E. Butner. aNew York :bMcGraw-Hill,cc1990. axx, 486 p., [6] p. of plates :bill. (some col.) ;c24 cm. 0aMcGraw-Hill series in electrical engineering. 0aMcGraw-Hill series in electrical engineering. aFundamentals Of GaAs Devices (Page-11), Models For GaAs Devices And Circuits (Page-79), Logic Circuit Design Principles (Page-140), Logic Circuit Design Examples (Page-195), Interconnections (Page-245), Test Methods For Very-High-Speed Digital ICs (Page-321), Using GaAs In Systems (Page-346), Physical Design (Page-384), Computer-Aided Design Tools And Techniques (Page-414). 0aDigital integrated circuitsxDesign and construction. 0aTelecommunication engineering1 aButner, Steven E.